MANEKO manažment a ekonomika podniku
Problematika ekonomiky a manažmentu priemyselných podnikov, manažmentu malých a stredných podnikov, manažmentu ľudských zdrojov, marketingu, controllingu, logistiky a strategického riadenia podnikov.
Na minha lista:
| Autor Corporativo: | |
|---|---|
| Formato: | Periódico |
| Idioma: | eslovaco inglês russo |
| Publicado em: |
Bratislava
SPEKTRUM STU
|
| Assuntos: | |
| Tags: |
Sem tags, seja o primeiro a adicionar uma tag!
|
MARC
| LEADER | 00000nls a2200000 4500 | ||
|---|---|---|---|
| 001 | 0182724 | ||
| 005 | 20260305083644.9 | ||
| 022 | |a 1338-5127 | ||
| 022 | |a 1337-9488 | ||
| 041 | 0 | |a slo | |
| 041 | 0 | |a eng | |
| 041 | 0 | |a rus | |
| 044 | |a SK | ||
| 245 | 1 | 0 | |a MANEKO |b manažment a ekonomika podniku |
| 264 | 1 | |a Bratislava |b SPEKTRUM STU | |
| 500 | |a [Do r. 2024 vychádzal s podnázvom časopis o ekonomike a manažmente priemyselných podnikov] | ||
| 520 | |a Problematika ekonomiky a manažmentu priemyselných podnikov, manažmentu malých a stredných podnikov, manažmentu ľudských zdrojov, marketingu, controllingu, logistiky a strategického riadenia podnikov. | ||
| 610 | 2 | 0 | |a manažment |
| 610 | 2 | 0 | |a riadenie strategické |
| 610 | 2 | 0 | |a riadenie |
| 610 | 2 | 0 | |a podnik malý |
| 610 | 2 | 0 | |a podnik stredný |
| 610 | 2 | 0 | |a podnik agropotravinársky |
| 610 | 2 | 0 | |a riadenie kvality |
| 610 | 2 | 0 | |a zdroje ľudské |
| 710 | 2 | |a Slovenská technická univerzita v Bratislave. Ústav manažmentu | |